Teoría de sistemas /
Obra sobre teoría de sistemas donde se estudian los sistemas dinámicos lineales y se presenta una introducción a los sistemas de control bajo el siguiente contenido: Introducción; Señales y sistemas; Modelado de sistemas físicos; Transformada de Laplace; Función de Transferencia; Análisis dinámico;...
-д хадгалсан:
| Үндсэн зохиолч: | |
|---|---|
| Бусад зохиолчид: | , |
| Формат: | Ном |
| Хэл сонгох: | испани |
| Хэвлэсэн: |
Madrid, España :
Universidad Politécnica de Madrid, Escuela Técnica Superior de Ingenieros Industriales,
2004
|
| Хэвлэл: | 2a edición |
| Нөхцлүүд: | |
| Шошгууд: |
Шошго байхгүй, Энэхүү баримтыг шошголох эхний хүн болох!
|
MARC
| LEADER | 00000nam^a2200000^a^4500 | ||
|---|---|---|---|
| 001 | 000183682 | ||
| 005 | 20250521000000.0 | ||
| 009 | 20260310102048.243 | ||
| 020 | |a 84-7484-158-5 | ||
| 037 | |a Acervo ITESO - Biblioteca | ||
| 041 | |a ESP | ||
| 082 | |a 003. |b MAT | ||
| 100 | |a Matía, Fernando |e (autor) | ||
| 245 | 1 | 0 | |a Teoría de sistemas / |c F. Matía, A. Jiménez, R. Aracil. |
| 250 | |a 2a edición | ||
| 264 | 1 | |a Madrid, España : |b Universidad Politécnica de Madrid, Escuela Técnica Superior de Ingenieros Industriales, |c 2004 | |
| 300 | |a 285 p. | ||
| 336 | |a texto |b txt |2 rdacontenido | ||
| 337 | |a sin mediación |b n |2 rdamedio | ||
| 338 | |a volumen |b nc |2 rdasoporte | ||
| 520 | |a Obra sobre teoría de sistemas donde se estudian los sistemas dinámicos lineales y se presenta una introducción a los sistemas de control bajo el siguiente contenido: Introducción; Señales y sistemas; Modelado de sistemas físicos; Transformada de Laplace; Función de Transferencia; Análisis dinámico; Sistemas de primer orden; Sistemas de segundo orden; Sistemas de orden superior; Identificación de sistemas; Estabilidad; Errores en régimen permanente; Lugar de las raíces; Introducción al diseño de sistemas de control; Control PID; Ajustes de PID's. | ||
| 649 | |a XX | ||
| 650 | |a Diseño de Sistemas de Control | ||
| 650 | |a Señales y Transmisión de Señales | ||
| 650 | |a Transformaciones de Laplace | ||
| 650 | |a Transformaciones Lineales | ||
| 650 | |a Sistemas Dinámicos | ||
| 650 | |a Sistemas Lineales | ||
| 650 | |a Teoría de Sistemas - |x Tema Principal | ||
| 700 | |a Jiménez, Agustín |e (autor) | ||
| 700 | |a Aracil, Rafael |e (autor) | ||
| 910 | |a Fondo General | ||
| 920 | |a Impresos - Libros | ||
| 930 | |a Colección General | ||
| 905 | |a 101 | ||
| 901 | |a 0500124026 |b IT1 |c ACC |u 20250521 | ||
| 902 | |a https://opac.biblio.iteso.mx/vufind/Record/000183682 | ||